Development administration circulars 1991 & 1992 : (Record no. 2037)
[ view plain ]
| 000 -LEADER | |
|---|---|
| fixed length control field | nam a22 a 4500 |
| 003 - CONTROL NUMBER IDENTIFIER | |
| control field | AKMAL |
| 005 - DATE AND TIME OF LATEST TRANSACTION | |
| control field | 20170515093148.0 |
| 008 - FIXED-LENGTH DATA ELEMENTS--GENERAL INFORMATION | |
| fixed length control field | 170515s1999 my a e | s000 0 eng d |
| 040 ## - CATALOGING SOURCE | |
| Original cataloging agency | AKMAL |
| 082 04 - DEWEY DECIMAL CLASSIFICATION NUMBER | |
| Classification number | 351.595 AHM |
| Edition number | 22 |
| 090 00 - LOCALLY ASSIGNED LC-TYPE CALL NUMBER (OCLC); LOCAL CALL NUMBER (RLIN) | |
| Classification number (OCLC) (R) ; Classification number, CALL (RLIN) (NR) | 351.595 |
| Local cutter number (OCLC) ; Book number/undivided call number, CALL (RLIN) | AHM |
| 110 1# - MAIN ENTRY--CORPORATE NAME | |
| Corporate name or jurisdiction name as entry element | Malaysia |
| 9 (RLIN) | 400 |
| 245 10 - TITLE STATEMENT | |
| Title | Development administration circulars 1991 & 1992 : |
| Remainder of title | towards a quality, productive and accountable civil service in Malaysia / |
| Statement of responsibility, etc. | issued by Tan Sri Dato' Seri Ahmad Sarji bin Abdul Hamid |
| 260 ## - PUBLICATION, DISTRIBUTION, ETC. | |
| Place of publication, distribution, etc. | Kuala Lumpur : |
| Name of publisher, distributor, etc. | Jabatan Perdana Menteri, |
| Date of publication, distribution, etc. | 1991 |
| 300 ## - PHYSICAL DESCRIPTION | |
| Extent | 1 vol. (various paging) : |
| Other physical details | ill. ; |
| Dimensions | 25cm. |
| 490 1# - SERIES STATEMENT | |
| Series statement | Development administration circular |
| 500 ## - GENERAL NOTE | |
| General note | Cover title |
| 650 10 - SUBJECT ADDED ENTRY--TOPICAL TERM | |
| Topical term or geographic name entry element | Civil service |
| Geographic subdivision | Malaysia |
| 9 (RLIN) | 420 |
| 650 20 - SUBJECT ADDED ENTRY--TOPICAL TERM | |
| Topical term or geographic name entry element | Civil service ethics |
| Geographic subdivision | Malaysia |
| 9 (RLIN) | 416 |
| 650 20 - SUBJECT ADDED ENTRY--TOPICAL TERM | |
| Topical term or geographic name entry element | Circular letters |
| 9 (RLIN) | 4210 |
| 700 0# - ADDED ENTRY--PERSONAL NAME | |
| Personal name | Ahmad Sarji Abdul Hamid, |
| Titles and other words associated with a name | Tan Sri Dato' Seri, |
| Dates associated with a name | 1938- |
| 9 (RLIN) | 508 |
| 710 1# - ADDED ENTRY--CORPORATE NAME | |
| Corporate name or jurisdiction name as entry element | Malaysia. |
| Subordinate unit | Jabatan Perdana Menteri |
| 9 (RLIN) | 3179 |
| 830 #0 - SERIES ADDED ENTRY--UNIFORM TITLE | |
| Uniform title | Development administration circular ; |
| Volume/sequential designation | no. 1 of 1991 |
| 9 (RLIN) | 4211 |
| 942 ## - ADDED ENTRY ELEMENTS (KOHA) | |
| Source of classification or shelving scheme | |
| Koha item type | Book |
| Withdrawn status | Lost status | Source of classification or shelving scheme | Damaged status | Not for loan | Collection code | Home library | Current library | Shelving location | Date acquired | Inventory number | Total Checkouts | Full call number | Barcode | Date last seen | Price effective from | Koha item type |
|---|---|---|---|---|---|---|---|---|---|---|---|---|---|---|---|---|
| NON-FICTION | AKMAL Melaka | AKMAL Melaka | PINJAMAN | 15.05.2017 | 302427 | 351.595 AHM | 201706133 | 15.05.2017 | 15.05.2017 | Book |
